| 000 | 00335nam a2200133Ia 4500 | ||
|---|---|---|---|
| 005 | 20260328101522.0 | ||
| 008 | 260328s9999||||xx |||||||||||||| ||und|| | ||
| 100 | _aAlva MartÃnez, Ernesto | ||
| 245 | 0 |
_aAntonio Attolini Lack / _cErnesto Alva MartÃnez |
|
| 260 | _bConaculta | ||
| 300 | _a207 p. | ||
| 650 | _aARQUITECTOS | ||
| 942 | _cBK | ||
| 999 |
_c9653 _d9653 |
||